000 00339nam a2200145Ia 4500
008 150201s2006 xx 000 0 und d
082 _a611
_bH2006T
100 _aTANDAN,B.K
245 _aTEXTBOOK OF HUMAN ANATOMY
250 _a1ST
260 _bARYA PUBLICATION
_aDELHI
_c2006
300 _a1-296
650 _aANATOMY
942 _2ddc
_cBK
999 _c3608
_d3608